000 00610nam a2200229Ia 4500
003 OSt
005 20220928104737.0
006 a|||||r|||| 00| 0
007 ta
008 220927b |||||||| |||| 00| 0 eng d
024 _a34219
037 _cTextual
040 _aSDCL
_cSDCL
_beng
041 _2eng
_aeng
082 _aS:44, J9
100 _aKorner Stephan
_9371137
245 0 _aConceptual thinking
_b A logical inquiry.
260 _aNew York
_b Dover Publication
_c1959
300 _a301p.
_ccm.
942 _hS:44, J9
_cTEXL
_2CC
999 _c727525
_d727525